| 000 | 00389cam a2200157ua 4500 | ||
|---|---|---|---|
| 041 |
_aeng _h |
||
| 082 |
_a294.59212 _bMAN/RI |
||
| 100 | _aMandalam, . | ||
| 245 |
_aRigveda samhita, Vol 2 / _cMandalam. _hTextual Documents |
||
| 250 |
_a1 / _b. |
||
| 260 |
_aCheruthuruthy : _bVallathol Granthalayam , _c1956. |
||
| 300 | _a468 ; . | ||
| 504 | _a | ||
| 942 | _cBK | ||
| 999 |
_c8305 _d8305 |
||